Countries With The Most Military Spending 2023 - Statistics

General Stats
  • This quiz has been taken 1,339 times
  • The average score is 9 of 10
Answer Stats
Amount Country % Correct
$778 Billion The United States Of America
100%
$252 Billion China
99%
$61.7 Billion Russia
99%
$59.2 Billion United Kingdom
99%
$52.7 Billion France
97%
$72.9 Billion India
95%
$52.8 Billion Germany
93%
$49.1 Billion Japan
92%
$45.7 Billion South Korea
82%
$57.5 Billion Saudi Arabia
69%
No matching quizzes found
Score Distribution
Percent of People with Each Score
Percentile by Number Answered
Your Score History
You have not taken this quiz